[Event "II Festival A"]
[Site "San Martino di Castrozza - Siror ITA"]
[Date "2001.07.03"]
[Round "3"]
[White "Prang, Edgar"]
[Black "Mayer, Frank"]
[Result "1-0"]
[WhiteElo "2256"]
[BlackElo "2305"]
[PlyCount "61"]
[EventDate "2001.07.01"]

1.Nf3 b6 2.g3 Bb7 3.Bg2 e5 4.d3 f5 5.O-O d6 6.e4 Nf6 7.Nc3 Qd7 8.exf5 Nc6 
9.Ng5 O-O-O 10.Ne6 Re8 11.Nb5 Nd4 12.Bxb7+ Kxb7 13.Nbxd4 exd4 14.Qf3+ d5 
15.Nxd4 c5 16.Ne6 g6 17.Bg5 Nh5 18.Rfe1 h6 19.Bd2 Nf6 20.Bc3 Be7 21.fxg6 
Ne4 22.Bxh8 Nd2 23.Qf4 Bg5 24.Nxg5 hxg5 25.Qf7 Qxf7 26.gxf7 Rxh8 27.Re8 
Rh7 28.f8=Q g4 29.Rb8+ Ka6 30.Qc8+ Ka5 31.Qxg4 1-0

[Event "II Festival A"]
[Site "San Martino di Castrozza - Siror ITA"]
[Date "2001.07.03"]
[Round "3"]
[White "Sedina, Elena"]
[Black "Agnelli, Francesco"]
[Result "1-0"]
[WhiteElo "2380"]
[BlackElo "2132"]
[PlyCount "135"]
[EventDate "2001.07.01"]

1.e4 c5 2.Nf3 Nc6 3.Bb5 e6 4.O-O Nge7 5.c3 a6 6.Be2 d5 7.exd5 Qxd5 8.d4 
cxd4 9.cxd4 Qd8 10.Nc3 Nd5 11.Bd3 Be7 12.a3 O-O 13.Bc2 b5 14.Re1 Bb7 15.
Qd3 g6 16.Bh6 Re8 17.Rad1 Na5 18.Ne4 Nc4 19.Ne5 Rc8 20.Bb1 Nxb2 21.Qf3 Bf6
22.Bg5 Bxg5 23.Qxf7+ Kh8 24.Nxg5 Qxg5 25.Qxb7 Qe7 26.Qxe7 Rxe7 27.Rc1 Rec7
28.Nf7+ Kg8 29.Rxc7 Rxc7 30.Ng5 Nf4 31.g3 h6 32.gxf4 hxg5 33.fxg5 Kf7 34.
Ba2 Nc4 35.Rc1 Ke7 36.Rc3 Kd6 37.Bb1 Kd5 38.Rh3 Nxa3 39.Bxg6 Nc4 40.Rh4 
Rg7 41.Be4+ Kxd4 42.g6 Ke5 43.Bd3 Nd6 44.Rg4 Nf5 45.h4 Nh6 46.Re4+ Kd6 47.
Rf4 Ke5 48.Rf8 Nf5 49.h5 Kf4 50.Rf6 Ke5 51.Rf7 Rg8 52.Bxf5 exf5 53.g7 Ke6 
54.Ra7 Kf6 55.h6 Kg6 56.Rxa6+ Kh7 57.Rb6 b4 58.Kg2 b3 59.Kf3 b2 60.Kf4 
b1=Q 61.Rxb1 Kxh6 62.Rg1 Rxg7 63.Rxg7 Kxg7 64.Kxf5 Kf8 65.Kf6 Kg8 66.f4 
Kf8 67.f5 Ke8 68.Kg7 1-0

[Event "II Festival A"]
[Site "San Martino di Castrozza - Siror ITA"]
[Date "2001.07.03"]
[Round "3"]
[White "Solinas, Carlo"]
[Black "Bogdanov, Dimitri"]
[Result "0-1"]
[WhiteElo "2031"]
[BlackElo "2091"]
[PlyCount "66"]
[EventDate "2001.07.01"]

1.e4 g6 2.d4 Bg7 3.Nc3 d6 4.Bg5 c6 5.Nf3 Nd7 6.h3 b5 7.a3 a6 8.Ne2 c5 9.c3
Bb7 10.d5 Ngf6 11.Ng3 c4 12.Nd4 Nc5 13.Qc2 h6 14.Be3 h5 15.Nc6 Bxc6 16.
dxc6 h4 17.Bxc5 dxc5 18.Ne2 Qc7 19.O-O-O Qxc6 20.f3 O-O 21.Kb1 Rad8 22.Nf4
Bh6 23.Ne2 Rxd1+ 24.Qxd1 Qc7 25.Qe1 Rd8 26.Nc1 Qf4 27.Be2 Nh5 28.Rg1 Qe3 
29.Rf1 Ng3 30.Rg1 Qxc1+ 31.Qxc1 Bxc1 32.Bd1 Be3 33.Re1 Bf2 0-1

[Event "II Festival A"]
[Site "San Martino di Castrozza - Siror ITA"]
[Date "2001.07.04"]
[Round "4"]
[White "Agnelli, Francesco"]
[Black "Capata, Ion"]
[Result "1/2-1/2"]
[WhiteElo "2132"]
[BlackElo "1948"]
[PlyCount "78"]
[EventDate "2001.07.01"]

1.e4 e5 2.Nf3 Nc6 3.Bb5 Nf6 4.O-O Nxe4 5.Re1 Nd6 6.Nxe5 Nxe5 7.Rxe5+ Be7 
8.Nc3 O-O 9.Bf1 Bf6 10.Re1 Nf5 11.Nd5 Bg5 12.d4 c6 13.Nf4 d5 14.c3 Nd6 15.
Bd3 g6 16.g3 Bd7 17.h4 Bf6 18.Ng2 Re8 19.Bf4 Rxe1+ 20.Qxe1 Be6 21.Qd2 Qd7 
22.Re1 Ne4 23.Qc2 Nd6 24.h5 Bf5 25.hxg6 hxg6 26.Be5 Bxe5 27.Bxf5 Nxf5 28.
Rxe5 Kg7 29.Qe2 Rh8 30.Nf4 Qc8 31.g4 Nd6 32.f3 Nc4 33.Re7 Qb8 34.Rxf7+ 
Kxf7 35.Qe6+ Kf8 36.Qf6+ Kg8 37.Qxg6+ Kf8 38.Qf6+ Kg8 39.Qg6+ Kf8 1/2-1/2

[Event "II Festival A"]
[Site "San Martino di Castrozza - Siror ITA"]
[Date "2001.07.04"]
[Round "4"]
[White "Belotti, Bruno"]
[Black "Sedina, Elena"]
[Result "1/2-1/2"]
[WhiteElo "2405"]
[BlackElo "2380"]
[PlyCount "33"]
[EventDate "2001.07.01"]

1.Nf3 d5 2.g3 c6 3.Bg2 Bg4 4.O-O e6 5.d3 Nf6 6.Nbd2 Be7 7.e4 O-O 8.h3 Bh5 
9.Qe2 a5 10.a4 Na6 11.Nb3 Nc5 12.Nxc5 Bxc5 13.b3 dxe4 14.dxe4 Qb6 15.Bb2 
Bxf3 16.Bxf3 Bd4 17.Bxd4 1/2-1/2

[Event "II Festival A"]
[Site "San Martino di Castrozza - Siror ITA"]
[Date "2001.07.04"]
[Round "4"]
[White "Bogdanov, Dimitri"]
[Black "Dallaglio, Giovanni"]
[Result "1-0"]
[WhiteElo "2091"]
[BlackElo "2059"]
[PlyCount "75"]
[EventDate "2001.07.01"]

1.e4 c6 2.Nc3 d5 3.Nf3 Bg4 4.Be2 dxe4 5.Nxe4 Nd7 6.d4 Ngf6 7.Ng3 e6 8.O-O 
Bd6 9.c4 Qc7 10.c5 Be7 11.b4 a5 12.bxa5 Rxa5 13.Bd2 Ra7 14.a4 Nd5 15.Ne4 
N7f6 16.Neg5 O-O 17.h3 Bxf3 18.Nxf3 Ne4 19.Bc4 Rd8 20.Re1 Nxd2 21.Qxd2 Bf6
22.g3 Ne7 23.g4 Ng6 24.g5 Be7 25.Qe3 Qf4 26.Qxf4 Nxf4 27.h4 Ng6 28.Bb3 Bf8
29.Rad1 Raa8 30.Kh2 Ne7 31.h5 Nf5 32.g6 hxg6 33.hxg6 fxg6 34.Rxe6 Kh8 35.
Rxg6 Rd7 36.Be6 Ne7 37.Kg2 Kh7 38.Ne5 1-0

[Event "II Festival A"]
[Site "San Martino di Castrozza - Siror ITA"]
[Date "2001.07.04"]
[Round "4"]
[White "Bondielli, Giorgio"]
[Black "Solinas, Carlo"]
[Result "1/2-1/2"]
[WhiteElo "2012"]
[BlackElo "2031"]
[PlyCount "99"]
[EventDate "2001.07.01"]

1.e4 e5 2.Nf3 Nc6 3.d4 exd4 4.Bc4 Nf6 5.O-O Bc5 6.Bg5 d6 7.h3 h6 8.Bh4 Be6
9.Qe2 Ne5 10.Nxe5 g5 11.Bg3 dxe5 12.Bxe6 fxe6 13.Qb5+ Nd7 14.Qc4 Qe7 15.a3
h5 16.b4 Bd6 17.Nd2 h4 18.Bh2 O-O-O 19.Nb3 Nb6 20.Qb5 a6 21.Qd3 Rhg8 22.b5
axb5 23.Qxb5 g4 24.Kh1 Rdf8 25.a4 gxh3 26.gxh3 Qd7 27.Qd3 Nxa4 28.Na5 Nc3 
29.Nxb7 Qc6 30.Nxd6+ cxd6 31.f3 Qb5 32.Ra3 Qxd3 33.cxd3 Kb7 34.Raa1 Rg7 
35.Rf2 Rc7 36.Rb2+ Kc6 37.Ra6+ Kd7 38.Rbb6 Rxf3 39.Rxd6+ Kc8 40.Kg2 Rxd3 
41.Bxe5 Nxe4 42.Rdc6 Rxc6 43.Rxc6+ Kd7 44.Rc4 Ng3 45.Rxd4+ Rxd4 46.Bxd4 
Kc6 47.Bf2 Nf5 48.Kf3 Kd6 49.Kf4 Ke7 50.Kg4 1/2-1/2

[Event "II Festival A"]
[Site "San Martino di Castrozza - Siror ITA"]
[Date "2001.07.04"]
[Round "4"]
[White "Mayer, Frank"]
[Black "Andreoli, Mark"]
[Result "1-0"]
[WhiteElo "2305"]
[BlackElo "2082"]
[PlyCount "85"]
[EventDate "2001.07.01"]

1.e4 c5 2.c3 d5 3.exd5 Qxd5 4.d4 Nf6 5.Nf3 Bg4 6.Qa4+ Nc6 7.Bc4 Qd7 8.dxc5
Bxf3 9.gxf3 e6 10.Be3 Be7 11.Rg1 g6 12.Nd2 Nd5 13.O-O-O Nxe3 14.fxe3 Bxc5 
15.Ne4 Bxe3+ 16.Kb1 Qe7 17.Rge1 Bf4 18.Bxe6 fxe6 19.Nc5 e5 20.Nxb7 Qxb7 
21.Qxf4 Qe7 22.Qc4 Rc8 23.f4 Rc7 24.fxe5 Kf8 25.Rd6 Nd8 26.Qd5 Kg7 27.Rd1 
Nf7 28.Re6 Rd8 29.Rxe7 Rxd5 30.Rxc7 Rxd1+ 31.Kc2 Re1 32.Rxa7 Rxe5 33.a4 
Re2+ 34.Kb1 Rxh2 35.a5 Rh1+ 36.Ka2 Rf1 37.a6 Rf6 38.b4 Rb6 39.Kb3 h5 40.c4
h4 41.b5 h3 42.Rxf7+ Kxf7 43.a7 1-0

[Event "II Festival A"]
[Site "San Martino di Castrozza - Siror ITA"]
[Date "2001.07.04"]
[Round "4"]
[White "Rossi, Giampiero"]
[Black "Prang, Edgar"]
[Result "0-1"]
[WhiteElo "2119"]
[BlackElo "2256"]
[PlyCount "70"]
[EventDate "2001.07.01"]

1.d4 f5 2.Bg5 g6 3.e3 Bg7 4.Bd3 Nf6 5.Nd2 Nc6 6.c3 e5 7.f3 d6 8.Ne2 h6 9.
Bh4 Be6 10.Qc2 Qd7 11.O-O O-O 12.Rfe1 Rae8 13.Rad1 Kh8 14.a3 Qf7 15.Bb5 
Bd7 16.Qb3 Qxb3 17.Nxb3 exd4 18.exd4 Nd5 19.Bf2 a6 20.Bd3 Bf6 21.Nec1 Kg7 
22.Bb1 Bg5 23.g3 Ne3 24.Bxe3 Bxe3+ 25.Kg2 f4 26.Nd3 g5 27.Nd2 Ne7 28.g4 b6
29.Nf1 Ba4 30.Nxe3 fxe3 31.Rc1 Ng6 32.Rf1 e2 33.Rf2 Nh4+ 34.Kg3 Re3 35.Ne1
Bc6 0-1

[Event "II Festival A"]
[Site "San Martino di Castrozza - Siror ITA"]
[Date "2001.07.04"]
[Round "4"]
[White "Ruzzier, Dario"]
[Black "Popa, Claudiu"]
[Result "1-0"]
[WhiteElo "2075"]
[BlackElo "2057"]
[PlyCount "63"]
[EventDate "2001.07.01"]

1.d4 d5 2.c4 dxc4 3.Nf3 Nf6 4.e3 e6 5.Bxc4 c5 6.O-O cxd4 7.exd4 Be7 8.Nc3 
O-O 9.Bd3 Nc6 10.Re1 Nb4 11.Bb1 b6 12.a3 Nbd5 13.Qd3 Bb7 14.Ne5 g6 15.Bh6 
Re8 16.Qg3 Bf8 17.Bg5 Qc7 18.Nb5 Qb8 19.Qh4 Bg7 20.Ba2 a6 21.Nc3 Qd6 22.
Bxd5 Nxd5 23.Ne4 Qb8 24.Nd7 Qc7 25.Ndf6+ Nxf6 26.Nxf6+ Bxf6 27.Bxf6 Qd6 
28.Re3 h5 29.Rg3 Qd5 30.Be5 Qe4 31.Qf6 Kf8 32.Rf3 1-0

[Event "II Festival A"]
[Site "San Martino di Castrozza - Siror ITA"]
[Date "2001.07.05"]
[Round "5"]
[White "Agnelli, Francesco"]
[Black "Ruzzier, Dario"]
[Result "1/2-1/2"]
[WhiteElo "2132"]
[BlackElo "2075"]
[PlyCount "34"]
[EventDate "2001.07.01"]

1.e4 e5 2.Nf3 Nf6 3.Nxe5 d6 4.Nf3 Nxe4 5.d4 d5 6.Bd3 Bd6 7.O-O O-O 8.c4 c6
9.Re1 f5 10.Nc3 Be6 11.cxd5 cxd5 12.Nb5 Bb4 13.Bd2 Bxd2 14.Nxd2 Nc6 15.f3 
a6 16.Nc3 Nxd2 17.Qxd2 Qf6 1/2-1/2

[Event "II Festival A"]
[Site "San Martino di Castrozza - Siror ITA"]
[Date "2001.07.05"]
[Round "5"]
[White "Andreoli, Mark"]
[Black "Bondielli, Giorgio"]
[Result "0-1"]
[WhiteElo "2082"]
[BlackElo "2012"]
[PlyCount "56"]
[EventDate "2001.07.01"]

1.e4 e5 2.d4 exd4 3.c3 d3 4.Bxd3 d6 5.f4 Nc6 6.Nf3 Nf6 7.O-O Bg4 8.Nbd2 
Qd7 9.h3 h5 10.hxg4 hxg4 11.Ng5 d5 12.e5 Bc5+ 13.Rf2 g3 14.Nh3 gxf2+ 15.
Kf1 Ng4 16.Nf3 O-O-O 17.b4 Be3 18.Qe2 d4 19.b5 Ne7 20.Bb2 Nd5 21.Qc2 g6 
22.Nxd4 Bxf4 23.Qa4 Kb8 24.Nxf2 Nxf2 25.Kxf2 Qg4 26.Bf1 Qg3+ 27.Ke2 Qe3+ 
28.Kd1 Rh1 0-1

[Event "II Festival A"]
[Site "San Martino di Castrozza - Siror ITA"]
[Date "2001.07.05"]
[Round "5"]
[White "Iudicello, Massimo"]
[Black "Belotti, Bruno"]
[Result "1-0"]
[WhiteElo "2116"]
[BlackElo "2405"]
[PlyCount "107"]
[EventDate "2001.07.01"]

1.e4 c5 2.Nf3 d6 3.d4 cxd4 4.Nxd4 Nf6 5.Nc3 e6 6.Be2 Be7 7.O-O O-O 8.Be3 
a6 9.a4 Qc7 10.f4 b6 11.Bf3 Bb7 12.Qe2 Nbd7 13.Bf2 Rfe8 14.Nb3 e5 15.f5 d5
16.exd5 e4 17.Nxe4 Bd6 18.Nxf6+ Nxf6 19.Qd3 Bxh2+ 20.Kh1 Be5 21.c4 Qd6 22.
Nd2 Nd7 23.Bg4 Bxb2 24.Rab1 Ne5 25.Qh3 Nxg4 26.Qxg4 Qh6+ 27.Kg1 Be5 28.Nf3
Bc7 29.Bd4 Rad8 30.Kf2 f6 31.Rh1 Qf4 32.Qxf4 Bxf4 33.Rxb6 Bxd5 34.cxd5 
Rxd5 35.g4 Rxd4 36.Nxd4 Be3+ 37.Kf3 Bxd4 38.Rxa6 Re3+ 39.Kg2 Be5 40.Ra8+ 
Kf7 41.Rb1 Ke7 42.Rb7+ Kd6 43.Rd8+ Kc6 44.Rxg7 Rg3+ 45.Kf2 h5 46.a5 Rxg4 
47.Rxg4 hxg4 48.Rg8 Kb5 49.Rxg4 Kxa5 50.Re4 Bb2 51.Re6 Kb5 52.Kf3 Kc5 53.
Kg4 Kd5 54.Kh5 1-0

[Event "II Festival A"]
[Site "San Martino di Castrozza - Siror ITA"]
[Date "2001.07.05"]
[Round "5"]
[White "Popa, Claudiu"]
[Black "Molzahn, Norbert"]
[Result "1-0"]
[WhiteElo "2057"]
[BlackElo "2052"]
[PlyCount "55"]
[EventDate "2001.07.01"]

1.e4 d6 2.d4 Nf6 3.Bd3 e5 4.c3 Be7 5.Ne2 O-O 6.O-O Nbd7 7.f4 c6 8.Ng3 Re8 
9.Nd2 Bf8 10.Nf3 Qb6 11.Kh1 exf4 12.Bxf4 Qxb2 13.e5 dxe5 14.dxe5 Nd5 15.
Bxh7+ Kh8 16.Ng5 g6 17.e6 Nxf4 18.Rxf4 Ne5 19.exf7 Re7 20.Rh4 Bg4 21.Bg8+ 
Bh6 22.Rxh6+ Kg7 23.Rh7+ Kf8 24.Qf1 Nd3 25.Rh4 Nf2+ 26.Kg1 Rd7 27.Rxg4 
Nxg4 28.Ne6+ 1-0

[Event "II Festival A"]
[Site "San Martino di Castrozza - Siror ITA"]
[Date "2001.07.05"]
[Round "5"]
[White "Prang, Edgar"]
[Black "Bogdanov, Dimitri"]
[Result "0-1"]
[WhiteElo "2256"]
[BlackElo "2091"]
[PlyCount "95"]
[EventDate "2001.07.01"]

1.Nf3 g6 2.d4 Bg7 3.c4 d6 4.Nc3 Nf6 5.e3 O-O 6.Be2 Nbd7 7.O-O e5 8.Qc2 Re8
9.Bd2 c6 10.dxe5 dxe5 11.Rfd1 Qe7 12.Be1 Nc5 13.Nd2 a5 14.f3 e4 15.f4 Bg4 
16.Bh4 Bxe2 17.Nxe2 Qc7 18.Bxf6 Bxf6 19.Nc3 Qb6 20.Nf1 Bg7 21.g4 Qb4 22.
Ne2 Qxb2 23.Qxb2 Bxb2 24.Rab1 Bg7 25.Nd4 a4 26.Kf2 a3 27.Ke2 Re7 28.Kd2 
Ra4 29.Kc3 Na6 30.Kb3 Rb4+ 31.Kxa3 Rxc4 32.Rbc1 Rxc1 33.Rxc1 Bxd4 34.exd4 
Nc7 35.Ng3 Nb5+ 36.Kb4 Nxd4 37.Kc5 Nf3 38.h3 e3 39.Rc2 Ng1 40.Ne2 Nxh3 41.
Rc4 f6 42.a4 g5 43.Kd6 Kf7 44.fxg5 fxg5 45.Rc5 Re4 46.Kc7 Rxa4 47.Kxb7 
Rxg4 48.Re5 0-1

[Event "II Festival A"]
[Site "San Martino di Castrozza - Siror ITA"]
[Date "2001.07.05"]
[Round "5"]
[White "Sedina, Elena"]
[Black "Capata, Ion"]
[Result "1-0"]
[WhiteElo "2380"]
[BlackElo "1948"]
[PlyCount "103"]
[EventDate "2001.07.01"]

1.e4 e5 2.Nf3 Nc6 3.Bb5 Nf6 4.d3 Ne7 5.c3 Ng6 6.O-O c6 7.Ba4 Be7 8.Re1 O-O
9.d4 exd4 10.cxd4 d5 11.e5 Ne4 12.Nc3 Ng5 13.Bc2 Bg4 14.Bxg5 Bxg5 15.h3 
Bxf3 16.Qxf3 Bd2 17.Re2 Qg5 18.Qf5 Qxf5 19.Bxf5 Bxc3 20.bxc3 Ne7 21.Bd3 
Nc8 22.f4 Ne7 23.f5 Rac8 24.Rf1 c5 25.f6 gxf6 26.Rxf6 cxd4 27.cxd4 Rc1+ 
28.Kh2 Rd1 29.Re3 Rc8 30.Bxh7+ Kxh7 31.Rxf7+ Kg8 32.Rxe7 Rxd4 33.Rxb7 a5 
34.e6 Re4 35.Rg3+ Kh8 36.Rd7 d4 37.Rd5 Rc7 38.Rh5+ Rh7 39.Rxa5 Rg7 40.Ra8+
Kh7 41.Rd8 Re7 42.Rd7 Rxe6 43.Rxd4 Rh6 44.a4 Rg6 45.Rxg6 Kxg6 46.a5 Ra7 
47.Ra4 Kf5 48.a6 Ke5 49.h4 Kd5 50.g4 Kc6 51.Kg3 Kb5 52.Ra1 1-0

[Event "II Festival A"]
[Site "San Martino di Castrozza - Siror ITA"]
[Date "2001.07.05"]
[Round "5"]
[White "Solinas, Carlo"]
[Black "Dallaglio, Giovanni"]
[Result "1/2-1/2"]
[WhiteElo "2031"]
[BlackElo "2059"]
[PlyCount "132"]
[EventDate "2001.07.01"]

1.e4 d5 2.exd5 Qxd5 3.Nc3 Qa5 4.d4 Nf6 5.Bd2 c6 6.Be2 Qc7 7.Nf3 Bg4 8.Ne5 
Bxe2 9.Qxe2 e6 10.O-O-O Bd6 11.f4 Nbd7 12.g4 O-O 13.g5 Bxe5 14.fxe5 Nd5 
15.Ne4 c5 16.Nf6+ N5xf6 17.gxf6 g6 18.Qe3 Kh8 19.Bc3 b5 20.dxc5 a5 21.Bd4 
Rac8 22.Rd3 Nxc5 23.Rc3 Qb7 24.Re1 Nd7 25.Qh6 Rg8 26.Rh3 Nf8 27.Qd2 Rd8 
28.Rd3 b4 29.Be3 Rxd3 30.Qxd3 Nd7 31.Bh6 Rd8 32.Qd6 Rc8 33.Rd1 Qe4 34.Qd3 
Qxd3 35.Rxd3 Nxe5 36.Bg7+ Kg8 37.Rd6 h5 38.Ra6 Nc6 39.c3 Kh7 40.Kd2 bxc3+ 
41.bxc3 g5 42.Rb6 Kg6 43.Rb5 Rd8+ 44.Ke3 Rd5 45.c4 Rd7 46.Rc5 Rc7 47.Kf2 
a4 48.Kg3 Rc8 49.h4 e5 50.Bf8 g4 51.Bd6 Kf5 52.Bxe5 Ke4 53.Ba1 a3 54.Rxh5 
Nb4 55.Ra5 Rxc4 56.Rxa3 Kf5 57.Rc3 Rxc3+ 58.Bxc3 Nxa2 59.Bd2 Kxf6 60.Kxg4 
Kg6 61.h5+ Kf6 62.Kf4 Kg7 63.Kg5 Kh7 64.Kf5 Kg7 65.Kg5 Kh7 66.h6 f5 
1/2-1/2

[Event "II Festival A"]
[Site "San Martino di Castrozza - Siror ITA"]
[Date "2001.07.06"]
[Round "6"]
[White "Belotti, Bruno"]
[Black "Agnelli, Francesco"]
[Result "1-0"]
[WhiteElo "2405"]
[BlackElo "2132"]
[PlyCount "63"]
[EventDate "2001.07.01"]

1.d4 Nf6 2.Nf3 d6 3.c4 g6 4.Nc3 Bg7 5.e4 O-O 6.Be2 e5 7.O-O Nc6 8.d5 Ne7 
9.Nd2 Ne8 10.b4 f5 11.c5 f4 12.Bg4 Kh8 13.Nc4 Ng8 14.Bxc8 Rxc8 15.f3 Ngf6 
16.Ba3 Rf7 17.Rc1 Bf8 18.Qa4 Ra8 19.c6 b6 20.Qa6 g5 21.Bb2 h5 22.Ne2 Bh6 
23.g3 Rg7 24.gxf4 gxf4+ 25.Kh1 Nh7 26.Nxe5 dxe5 27.Bxe5 Nhf6 28.Nd4 Rf7 
29.Ne6 Qe7 30.Qb7 Rd8 31.Rg1 Nd6 32.Qxc7 1-0

[Event "II Festival A"]
[Site "San Martino di Castrozza - Siror ITA"]
[Date "2001.07.06"]
[Round "6"]
[White "Bogdanov, Dimitri"]
[Black "Sedina, Elena"]
[Result "0-1"]
[WhiteElo "2091"]
[BlackElo "2380"]
[PlyCount "96"]
[EventDate "2001.07.01"]

1.e4 e6 2.Nf3 d5 3.e5 c5 4.b4 cxb4 5.d4 Nc6 6.a3 Nge7 7.axb4 Nxb4 8.c3 
Nbc6 9.Bd3 Nf5 10.h4 h5 11.Bg5 Be7 12.Na3 a6 13.Nb5 Na7 14.Nxa7 Rxa7 15.
Bxe7 Qxe7 16.Bxf5 exf5 17.Qb3 Qc7 18.O-O Be6 19.Qb4 a5 20.Qb5+ Ke7 21.Rfc1
Rc8 22.Nd2 Kf8 23.Qe2 g6 24.Qe3 Kg7 25.c4 Qd8 26.c5 Qxh4 27.Nf3 Qe7 28.
Rcb1 Rc6 29.Qc3 a4 30.Rb4 Rca6 31.Ra3 f4 32.Qd2 g5 33.g3 fxg3 34.fxg3 Bf5 
35.Qh2 Bg4 36.Rb2 b6 37.Rxb6 Rxb6 38.cxb6 Qxa3 39.bxa7 Qc1+ 40.Kf2 Qc2+ 
41.Ke1 Qc3+ 42.Qd2 Qxf3 43.Qxg5+ Kh7 44.Kd2 Qd1+ 45.Kc3 Qb3+ 46.Kd2 Qb2+ 
47.Kd3 Qe2+ 48.Kc3 Qc4+ 0-1

[Event "II Festival A"]
[Site "San Martino di Castrozza - Siror ITA"]
[Date "2001.07.06"]
[Round "6"]
[White "Prang, Edgar"]
[Black "Popa, Claudiu"]
[Result "1-0"]
[WhiteElo "2256"]
[BlackElo "2057"]
[PlyCount "125"]
[EventDate "2001.07.01"]

1.d4 d5 2.Nf3 Nf6 3.c4 e6 4.Bg5 Be7 5.Nc3 O-O 6.cxd5 exd5 7.Qc2 c6 8.e3 
Nbd7 9.Bd3 Re8 10.h3 Nf8 11.Bf4 Bd6 12.Ne5 Qe7 13.O-O N6d7 14.Nxd7 Bxd7 
15.Bxd6 Qxd6 16.Rab1 Re6 17.b4 a6 18.Na4 Rh6 19.Bf5 Bxf5 20.Qxf5 Rf6 21.
Qc2 Rg6 22.Nc5 Qe7 23.Kh1 Ne6 24.a4 Rh6 25.Rb2 Rd8 26.Rc1 Ng5 27.Qf5 Ne4 
28.Nxe4 dxe4 29.Rc5 Re6 30.b5 g6 31.Qf4 axb5 32.axb5 Qd6 33.Qxd6 Rdxd6 34.
bxc6 bxc6 35.Rb7 Rf6 36.Kg1 Kg7 37.Rc7 Rfe6 38.g4 h6 39.h4 g5 40.hxg5 hxg5
41.Rxg5+ Rg6 42.Rxg6+ Rxg6 43.Kf1 Rxg4 44.Rxc6 Rg5 45.Ke2 Ra5 46.Kf1 Rg5 
47.Rc5 Rg4 48.Rf5 Kg6 49.Rf4 Rxf4 50.exf4 Kf6 51.f3 exf3 52.Kf2 Ke6 53.
Kxf3 f5 54.Ke3 Kd6 55.Kd2 Kc6 56.Kc3 Kb5 57.Kb3 Kb6 58.Kc4 Kc6 59.d5+ Kd7 
60.Kc5 Kc7 61.d6+ Kd8 62.Kd5 Kd7 63.Ke5 1-0

[Event "VI Festival Terra del Salento A"]
[Site "Gallipoli ITA"]
[Date "2001.06.29"]
[Round "1"]
[White "De Santis, Massimo"]
[Black "Ariete, Gerardo"]
[Result "0-1"]
[WhiteElo "1693"]
[BlackElo "2049"]
[PlyCount "54"]
[EventDate "2001.06.29"]

1. d4 f5 2. g3 Nf6 3. Bg2 d5 4. c4 e6 5. Nc3 c6 6. cxd5 exd5 7. Nf3 Nbd7 8. Qc2
Ne4 9. Bd2 Ndf6 10. Bf4 Bd6 11. Bxd6 Qxd6 12. Nd2 O-O 13. O-O-O Nxf2 14. Rhf1
Nxd1 15. Kxd1 Ng4 16. Qd3 Nxh2 17. Rf4 Ng4 18. Kc1 Bd7 19. Nb3 Rae8 20. Nd1 g6
21. Rf1 f4 22. gxf4 Rxf4 23. Rh1 Bf5 24. Qd2 Be4 25. e3 Rf7 26. Bxe4 Rxe4 27.
Qg2 Nxe3 0-1

[Event "VI Festival Terra del Salento A"]
[Site "Gallipoli ITA"]
[Date "2001.06.29"]
[Round "1"]
[White "Decataldo, Alba"]
[Black "Cecconi, Giovanni Alberto"]
[Result "0-1"]
[WhiteElo "1755"]
[BlackElo "2181"]
[PlyCount "73"]
[EventDate "2001.06.29"]

1. e4 g6 2. Nf3 Bg7 3. Bc4 c6 4. Nc3 d6 5. O-O Nf6 6. h3 b5 7. Bb3 b4 8. Ne2
Nxe4 9. a3 bxa3 10. Rxa3 O-O 11. d3 Nc5 12. Ba2 Qb6 13. c3 Nba6 14. Ng3 e5 15.
Re1 Nc7 16. d4 exd4 17. Nxd4 Ba6 18. Bb1 Rae8 19. Rxe8 Rxe8 20. b4 N5e6 21.
Nxe6 Nxe6 22. Be3 Qb5 23. c4 Qb7 24. Ba2 Nc7 25. Qb3 d5 26. b5 Nxb5 27. cxb5
Bxb5 28. Rxa7 Qb8 29. Qa3 h5 30. Qb4 Rxe3 31. fxe3 Qxa7 32. Qd2 Bh6 33. Kf2 h4
34. Ne2 Bxe3+ 35. Qxe3 Qxa2 36. Qe8+ Kg7 37. Qe5+ 0-1

[Event "VI Festival Terra del Salento A"]
[Site "Gallipoli ITA"]
[Date "2001.06.29"]
[Round "1"]
[White "Rotelli, Pietro"]
[Black "Mukic, Josko"]
[Result "0-1"]
[WhiteElo "1779"]
[BlackElo "2268"]
[PlyCount "72"]
[EventDate "2001.06.29"]

1. d4 Nf6 2. c4 e5 3. d5 Bc5 4. e3 d6 5. Nc3 c6 6. Be2 cxd5 7. cxd5 a6 8. a3 b5
9. b4 Ba7 10. Bb2 Nbd7 11. e4 Qb6 12. Nh3 Nf8 13. O-O Bxh3 14. gxh3 Ng6 15. Bc1
Rc8 16. Be3 Qb7 17. Qd2 Bxe3 18. Qxe3 Nf4 19. Rac1 Qd7 20. h4 h5 21. Rfe1 Ng4
22. Qg3 Rh6 23. h3 Nf6 24. Kh2 Rg6 25. Qe3 Rg2+ 26. Kh1 Rxf2 27. Bf1 Rb2 28.
Ne2 Nxe2 29. Bxe2 Rbc2 30. Rxc2 Rxc2 31. Bf1 Qc8 32. Qg5 Qc3 33. Re3 Qd2 34.
Qg1 Rc1 35. Rf3 Kf8 36. Rf2 Qe3 0-1

[Event "VI Festival Terra del Salento A"]
[Site "Gallipoli ITA"]
[Date "2001.06.29"]
[Round "1"]
[White "Sansonetti, Giorgio"]
[Black "Ferri, Giuseppe"]
[Result "0-1"]
[WhiteElo "2140"]
[BlackElo "1732"]
[PlyCount "62"]
[EventDate "2001.06.29"]

1. e4 c6 2. c4 d5 3. cxd5 cxd5 4. exd5 Qxd5 5. Nc3 Qd8 6. d4 e6 7. Nf3 Nf6 8.
Bd3 Nc6 9. O-O Bd6 10. Bg5 h6 11. Bxf6 Qxf6 12. Ne4 Qd8 13. Bb5 Be7 14. Rc1 Bd7
15. Nc5 Bxc5 16. dxc5 Qc7 17. Rc3 O-O-O 18. Qe2 Rhe8 19. Bxc6 Bxc6 20. b4 a6
21. Ne5 f6 22. Nxc6 Qxc6 23. Rb1 Re7 24. h3 Rc7 25. Re3 e5 26. b5 axb5 27. Rxb5
Rd4 28. Ra3 Qd5 29. Ra8+ Kd7 30. c6+ Qxc6 31. Qh5 Qc1+ 0-1

[Event "VI Festival Terra del Salento A"]
[Site "Gallipoli ITA"]
[Date "2001.06.29"]
[Round "1"]
[White "Shytaj, Carlo"]
[Black "Naumkin, Igor"]
[Result "0-1"]
[WhiteElo "1842"]
[BlackElo "2446"]
[PlyCount "48"]
[EventDate "2001.06.29"]

1. e4 e6 2. d4 d5 3. Nd2 Nc6 4. c3 e5 5. exd5 Qxd5 6. Ngf3 exd4 7. Nb3 Qe4+ 8.
Be2 dxc3 9. bxc3 Nf6 10. O-O Be7 11. Re1 Qa4 12. Bg5 O-O 13. Bd3 Be6 14. Nbd4
Qxd1 15. Raxd1 h6 16. Bh4 Nd8 17. Nxe6 Nxe6 18. Bc4 Rfe8 19. Bxe6 fxe6 20. Rxe6
Bc5 21. Rxe8+ Rxe8 22. Kf1 Ne4 23. Rd7 Bd6 24. Nd4 Nd2+ 0-1

[Event "VI Festival Terra del Salento A"]
[Site "Gallipoli ITA"]
[Date "2001.06.29"]
[Round "1"]
[White "Tommaselli, Giacomo"]
[Black "Quaranta, Vitaliano"]
[Result "1-0"]
[WhiteElo "2087"]
[BlackElo "1702"]
[PlyCount "47"]
[EventDate "2001.06.29"]

1. d4 Nf6 2. Nf3 g6 3. Bg5 Bg7 4. e3 d5 5. Bd3 c5 6. c3 b6 7. Nbd2 O-O 8. O-O
Ba6 9. Bxa6 Nxa6 10. h3 Nb8 11. Ne5 Nfd7 12. f4 f6 13. Nxd7 Qxd7 14. Bh4 Nc6
15. Qb3 Kh8 16. Nf3 e5 17. dxe5 fxe5 18. Rad1 exf4 19. Rxd5 Qe6 20. exf4 Qe3+
21. Kh2 Qxf4+ 22. Bg3 Qf6 23. Rd6 c4 24. Qb5 1-0

[Event "VI Festival Terra del Salento A"]
[Site "Gallipoli ITA"]
[Date "2001.06.29"]
[Round "2"]
[White "Ariete, Gerardo"]
[Black "Nelli, Luca"]
[Result "1/2-1/2"]
[WhiteElo "2049"]
[BlackElo "2184"]
[PlyCount "107"]
[EventDate "2001.06.29"]

1. e4 e5 2. Nf3 Nc6 3. Bb5 a6 4. Bxc6 dxc6 5. d4 exd4 6. Qxd4 Qxd4 7. Nxd4 c5
8. Nf3 Bd7 9. Nc3 O-O-O 10. Be3 Nf6 11. h3 h6 12. O-O-O Be6 13. Rxd8+ Kxd8 14.
Rd1+ Kc8 15. Ne5 Bd6 16. Nd3 Nd7 17. Nf4 Bxf4 18. Bxf4 f6 19. a3 c6 20. Bd6 Re8
21. f3 b6 22. Ne2 Ne5 23. Bxe5 fxe5 24. Ng3 g6 25. Nf1 Kc7 26. Ne3 h5 27. h4
Rf8 28. Rf1 b5 29. g3 c4 30. Kd2 Kd6 31. Nd1 a5 32. Ke3 b4 33. axb4 axb4 34. f4
Ra8 35. Nf2 Ra7 36. Rb1 Bc8 37. Nd1 Ba6 38. c3 c5 39. Nf2 Bb5 40. Nh3 Ba4 41.
Kd2 Ke6 42. Ng5+ Kf6 43. Nf3 Bc6 44. fxe5+ Ke6 45. Ke3 bxc3 46. bxc3 Ra3 47.
Kf4 Rxc3 48. Ng5+ Kd7 49. e6+ Kd6 50. Ra1 Rb3 51. Ra7 c3 52. Nf7+ Kxe6 53. Nd8+
Kd6 54. Nf7+ 1/2-1/2

[Event "VI Festival Terra del Salento A"]
[Site "Gallipoli ITA"]
[Date "2001.06.29"]
[Round "2"]
[White "Cecconi, Giovanni Alberto"]
[Black "Shytaj, Luca"]
[Result "1-0"]
[WhiteElo "2181"]
[BlackElo "1818"]
[PlyCount "44"]
[EventDate "2001.06.29"]

1. g3 Nf6 2. Bg2 d5 3. Nf3 c5 4. O-O Nc6 5. d4 e6 6. a3 b6 7. c4 Nxd4 8. Nxd4
cxd4 9. Bg5 Be7 10. cxd5 exd5 11. Qxd4 Bb7 12. Nc3 O-O 13. Rad1 h6 14. Bf4 Bc5
15. Qd3 Re8 16. b4 Bf8 17. Bc1 Ne4 18. Nxd5 Bxd5 19. Qxd5 Qxd5 20. Rxd5 Nc3 21.
Rd2 Nxe2+ 22. Rxe2 Rxe2 1-0